书目信息 |
| 题名: |
陆战之神——火炮
|
|
| 作者: | 哈尔伯斯塔特 著 ;李小明 , 杨志斌 译 | |
| 分册: | ||
| 出版信息: | 北京 中国市场出版社 2010 |
|
| 页数: | 250页 | |
| 开本: | 24cm | |
| 丛书名: | ||
| 单 册: | ||
| 中图分类: | E924-49 | |
| 科图分类: | ||
| 主题词: | 火炮--世界--通俗读物 , 火炮 | |
| 电子资源: | ||
| ISBN: | 978-7-5092-0648-5 | |
| 000 | 01040nam0 22002771 45 | |
| 001 | 1256821640 | |
| 005 | 20120626164502.54 | |
| 010 | @a978-7-5092-0648-5@dCNY48.00 | |
| 100 | @a20120626d2010 em y0chiy0110 ea | |
| 101 | 1 | @achi@ceng |
| 102 | @aCN@b110000 | |
| 105 | @aa z 000yy | |
| 106 | @ar | |
| 200 | 1 | @a陆战之神——火炮@ALu Zhan Zhi Shen—— Huo Pao@d= The world's great artillery@f(英)汉斯·哈伯斯塔特著@F( Ying ) Han Si· Ha Bo Si Ta Te Zhu@g李小明,杨志斌译@zeng |
| 210 | @a北京@c中国市场出版社@d2010 | |
| 215 | @a250页@c图@d24cm | |
| 330 | @a本书介绍了火炮的分类、发展、结构等知识,并介绍了世界十余个国家与地区的百余种具有代表性的火炮装备。 | |
| 510 | 1 | @aWorld's great artillery@zeng |
| 606 | 0 | @a火炮@y世界@j通俗读物 |
| 606 | 0 | @a火炮 |
| 690 | @aE924-49@v4 | |
| 701 | 0 | @c(美)@a哈尔伯斯塔特@AHa Er Bo Si Ta Te@c(Halberstadt, Hans)@4著 |
| 702 | 0 | @a李小明@ALi Xiao Ming@4译 |
| 702 | 0 | @a杨志斌@AYang Zhi Bin@4译 |
| 801 | 0 | @aCN@b大连网信软件有限公司图书馆·11@c20120626 |
| 905 | @b0819623-25@dE924-49@e27@f3 | |
| 陆战之神——火炮= The world's great artillery/(英)汉斯·哈伯斯塔特著/李小明,杨志斌译.-北京:中国市场出版社,2010 |
| 250页:图;24cm |
| ISBN 978-7-5092-0648-5:CNY48.00 |
| 本书介绍了火炮的分类、发展、结构等知识,并介绍了世界十余个国家与地区的百余种具有代表性的火炮装备。 |
| ● |
| 相关链接 |
|
|
|
|
正题名:陆战之神——火炮
索取号:E924-49/27
 
预约/预借
| 序号 | 登录号 | 条形码 | 馆藏地/架位号 | 状态 | 备注 |
| 1 | 0819623 | 208196236 | 第一样本阅览室/ [索取号:E924-49/27] | 在馆 | |
| 2 | 0819624 | 208196245 | 第一借阅区/ [索取号:E924-49/27] | 在馆 | |
| 3 | 0819625 | 208196254 | 第一借阅区/ [索取号:E924-49/27] | 在馆 |